书目信息 |
| 题名: |
矿山机械
|
|
| 作者: | ;山西省大同煤矿学校 编 | |
| 分册: | ||
| 出版信息: | 北京 煤炭工业出版社 1979 |
|
| 页数: | 616页 | |
| 开本: | 19cm | |
| 丛书名: | 煤矿干部技术知识丛书 | |
| 单 册: | ||
| 中图分类: | TD4 | |
| 科图分类: | ||
| 主题词: | 矿山机械 | |
| 电子资源: | ||
| ISBN: | ||
| 000 | 00719nam2 2200241 45 | |
| 001 | 0179008366 | |
| 005 | 20060418103744.26 | |
| 010 | @dCNY1.70 | |
| 091 | @a15035.2169 | |
| 100 | @a19950802d1979 em y0chiy0121 ea | |
| 101 | 0 | @achi |
| 102 | @aCN@b110000 | |
| 105 | @ay z 000yy | |
| 200 | 10 | @a矿山机械@Akuang shan ji xie@f山西省大同煤矿学校编@Fshan xi sheng da tong mei kuang xue xiao bian |
| 210 | @a北京@c煤炭工业出版社@d1979 | |
| 215 | @a616页@d19cm | |
| 225 | 2 | @a煤矿干部技术知识丛书 |
| 410 | 0 | @120010@a煤矿干部技术知识丛书 |
| 606 | @a矿山机械 | |
| 690 | @aTD4@v3 | |
| 711 | 02 | @a山西省大同煤矿学校@Ashan xi sheng da tong mei kuang xue xiao@4编 |
| 801 | 0 | @aCN@bTSSF@c20060418 |
| 905 | @a10447@dTD4@e3 | |
| 矿山机械/山西省大同煤矿学校编.-北京:煤炭工业出版社,1979 |
| 616页;19cm.-(煤矿干部技术知识丛书) |
| ISBN :CNY1.70 |
| ● |
| 相关链接 |
|
|
|
|
正题名:矿山机械
索取号:TD4/3
 
预约/预借
| 序号 | 登录号 | 条形码 | 馆藏地/架位号 | 状态 | 备注 |
| 1 | 0022377 | 202248273 | 密集书库/ [索取号:TD4/3] | 在馆 |